00386nam a2200145Ia 45000010006000000050017000060080041000230410008000640820016000721000027000882450102001153000007002176500008002246540008002321094620260306161909.0260306t9999||||xx |||||||||||||| ||spa|| aESP a983.01bM42 aMéndez, CésareAUT 0aLos primeros andinos :btecnología lítica de los habitantes de Chile trece mil años atrás ac aGEN aCHU